Analýza a hydrotechnický výpočet pre existujúci rybí priechod

Guardado en:
Detalles Bibliográficos
Autor principal: Očvárová, Natália (Autor)
Otros Autores: Čubanová, Lea (Orientador)
Formato: Manuscrito Libro
Lenguaje:eslovaco
Publicado: 2024
Materias:
Acceso en línea:http://is.stuba.sk/zp/portal_zp.pl?podrobnosti=167339
https://opac.crzp.sk/?fn=detailBiblioForm&sid=0CD22148AAB768F4955472857C89
Etiquetas: Agregar Etiqueta
Sin Etiquetas, Sea el primero en etiquetar este registro!

MARC

LEADER 00000ntm a22000003a 4500
001 stuzp99207
003 SK-STU
005 20240925103730.2
007 ta
008 150427s2015----xo-----f-mn---000-0-slo-d
040 |a STU  |b slo 
041 0 |a slo 
100 1 |a Očvárová, Natália  |u 010170  |4 aut  |U SvF Stavebná fakulta  |T SvF Katedra hydrotechniky  |X 114721  |U V170  |Y 17  |7 114721 
242 0 1 |a Analysis and hydrotechnical calculation for the existing fish pass  |y eng 
245 1 0 |a Analýza a hydrotechnický výpočet pre existujúci rybí priechod 
260 |c 2024 
650 4 |a rybí priechod  |2 slo 
650 4 |a 1D program  |2 slo 
650 4 |a drsnosť  |2 slo 
650 4 |a prepážka  |2 slo 
650 4 |a 1D program  |2 eng 
650 4 |a roughness  |2 eng 
650 4 |a fish pass  |2 eng 
650 4 |a slot  |2 eng 
700 1 |a Čubanová, Lea  |u 010170  |k Z1  |4 ths  |U SvF Stavebná fakulta  |T SvF Katedra hydrotechniky  |X 38291  |U V170  |Y 17  |7 A000038291 
856 4 |u http://is.stuba.sk/zp/portal_zp.pl?podrobnosti=167339 
856 4 |u https://opac.crzp.sk/?fn=detailBiblioForm&sid=0CD22148AAB768F4955472857C89